000 00474nam a2200181Ia 4500
008 090124s9999 xx 000 0 und d
082 _b118404
100 _aगावसकर सुनील
245 _a सनीडेज
250 _a2
260 _c1979
300 _a283
600 _aगावसकर सुनील
630 _a सनीडेज
700 _aगावसकर सुनील
730 _a सनीडेज
942 _cBOOK
999 _c164490
_d164490